Normal view MARC view
  • Virginia

Entry Geographic Name

Number of records used in: 3

001 - CONTROL NUMBER

  • control field: 12129

003 - CONTROL NUMBER IDENTIFIER

  • control field: NUST

005 - DATE AND TIME OF LATEST TRANSACTION

  • control field: 20180730102409.0

008 - FIXED-LENGTH DATA ELEMENTS

  • fixed length control field: 180730|| aca||aabn | a|a d

040 ## - CATALOGING SOURCE

  • Original cataloging agency: NUST
  • Transcribing agency: NUST

151 ## - HEADING--GEOGRAPHIC NAME

  • Geographic name: Virginia
  • General subdivision: History
  • Chronological subdivision: Civil War, 1861-1865
  • Form subdivision: Fiction.

670 ## - SOURCE DATA FOUND

  • Source citation: Work cat.: (NUST)174471: Crane, Stephen, 1871-1900. 12120, The red badge of courage :, 1983.
© 2023 Central Library, National University of Sciences and Technology. All Rights Reserved.